Подробности
| 000 -МАРКЕР |
| контрольное поле |
01308nam0a22003131 4500 |
| 001 - ИДЕНТИФИКАТОР ЗАПИСИ |
| контрольное поле |
v19\rc\1465204 |
| 005 - ИДЕНТИФИКАТОР ВЕРСИИ |
| контрольное поле |
20060620110551.5 |
| 035 ## - ДРУГИЕ СИСТЕМНЫЕ НОМЕРА |
| Идентификатор записи |
(NLR Aleph) 004685611 |
| 100 ## - ДАННЫЕ ОБЩЕЙ ОБРАБОТКИ |
| Данные общей обработки |
20060620d1875 |||y0rusy50 ca |
| 101 0# - ЯЗЫК РЕСУРСА |
| Язык текста, звукозаписи и т.д. |
русский |
| 102 ## - СТРАНА ПУБЛИКАЦИИ ИЛИ ПРОИЗВОДСТВА |
| Страна публикации |
Российская Федерация |
| 105 ## - ПОЛЕ КОДИРОВАННЫХ ДАННЫХ: ТЕКСТОВЫЕ МАТЕРИАЛЫ, МОНОГРАФИЧЕСКИЕ |
| Кодированные данные о монографическом текстовом документе |
y z |||a| |
| 200 1# - ЗАГЛАВИЕ И СВЕДЕНИЯ ОБ ОТВЕТСТВЕННОСТИ |
| Основное заглавие |
Королева баррикад |
| Сведения, относящиеся к заглавию |
Убийство герцога де Гиз |
| -- |
Ист. роман |
| Первые сведения об ответственности |
Соч. Понсон де Террайль |
| 210 ## - ПУБЛИКАЦИЯ, РАСПРОСТРАНЕНИЕ И ДР. |
| Место издания, распространения и т.д. |
Москва |
| Имя издателя, распространителя и т. д. |
Земский |
| Дата издания, распространения и т.д. |
1875 |
| 215 ## - ФИЗИЧЕСКАЯ ХАРАКТЕРИСТИКА |
| Специфическое обозначение материала и объем |
390 с. |
| Размеры |
22 |
| 327 1# - ПРИМЕЧАНИЯ О СОДЕРЖАНИИ |
| Текст примечания |
Содерж.: Ч. 1. Убийство герцога де Гиз. Ч. 2. Убийца и два короля |
| 464 #0 - АНАЛИТИЧЕСКИЙ УРОВЕНЬ |
| Встроенное поле |
2001#$aУбийство герцога де Гиз$aУбийца и два короля |
| 700 #1 - ИМЯ ЛИЦА - ПЕРВИЧНАЯ ОТВЕТСТВЕННОСТЬ |
| Связь между полями |
z01790 |
| Начальный элемент ввода |
Понсон дю Террайль |
| Часть имени, кроме начального элемента ввода |
П. А. |
| Даты |
1829-1871 |
| Расширение инициалов личного имени |
Пьер Алексис |
| 702 #1 - ИМЯ ЛИЦА - ВТОРИЧНАЯ ОТВЕТСТВЕННОСТЬ |
| Начальный элемент ввода |
Гиз |
| Часть имени, кроме начального элемента ввода |
Г. де |
| Римские цифры |
I |
| Даты |
1550-1588 |
| Расширение инициалов личного имени |
Генрих де |
| Код отношения |
Прочие |
| 790 #1 - ИМЯ ЛИЦА - АЛЬТЕРНАТИВНАЯ ФОРМА |
| Связь между полями |
z01700 |
| Начальный элемент ввода |
Понсон де Террайль |
| Часть имени, кроме начального элемента ввода |
П. А. |
| Даты |
1829-1871 |
| Расширение инициалов личного имени |
Пьер Алексис |
| 790 #1 - ИМЯ ЛИЦА - АЛЬТЕРНАТИВНАЯ ФОРМА |
| Связь между полями |
z01700 |
| Начальный элемент ввода |
Террайль |
| Часть имени, кроме начального элемента ввода |
П. А. |
| Даты |
1829-1871 |
| Расширение инициалов личного имени |
Пьер Алексис |
| 801 #0 - ИСТОЧНИК ЗАПИСИ |
| Страна |
Российская Федерация |
| Организация |
NLR |
| Правила каталогизации |
psbo |
| 801 #0 - ИСТОЧНИК ЗАПИСИ |
| Страна |
Российская Федерация |
| Организация |
RuMoRGB |
| Источник данных |
psbo |
| 801 #1 - ИСТОЧНИК ЗАПИСИ |
| Страна |
Российская Федерация |
| Организация |
ProSoft-M |
| Источник данных |
rusmarc |
| 852 ## - МЕСТОНАХОЖДЕНИЕ И ШИФР ХРАНЕНИЯ |
| Идентификатор организации |
NLR |
| Шифр хранения (Call Number) |
18.236.6.21 |
| 942 ## - ДОПОЛНИТЕЛЬНЫЕ ЭЛЕМЕНТЫ ЗАПИСИ (АБИС) |
| Тип экземпляра АБИС |
Книга |
| 980 ## - КОЛЛЕКЦИЯ |
| Название коллекции |
Мелитопольская областная научная библиотека |
| 980 ## - КОЛЛЕКЦИЯ |
| Название коллекции |
Национальная библиография |